Wszystkie miasta w województwie mazowieckim - Statystyki

Ogólne statystyki
  • Ten quiz został rozwiązany 263 razy
  • Średni wynik to 43 z 89
Statystyki odpowiedzi
Liczba ludności Miasto % Poprawnych
1 777 972 Warszawa
99%
212 230 Radom
95%
119 709 Płock
91%
61 237 Pruszków
85%
54 172 Legionowo
82%
77 990 Siedlce
82%
47 423 Piaseczno
81%
44 873 Otwock
79%
40 799 Mińsk Mazowiecki
77%
52 215 Ostrołęka
75%
28 660 Nowy Dwór Mazowiecki
74%
44 209 Ciechanów
72%
39 992 Żyrardów
72%
22 256 Płońsk
70%
37 138 Wołomin
69%
16 607 Grójec
68%
32 146 Marki
68%
33 700 Mława
68%
17 381 Garwolin
66%
36 790 Sochaczew
65%
35 336 Ząbki
65%
30 718 Grodzisk Mazowiecki
64%
27 074 Wyszków
64%
19 448 Pułtusk
62%
17 228 Przasnysz
58%
22 656 Ostrów Mazowiecka
57%
17 191 Konstancin-Jeziorna
56%
16 056 Łomianki
56%
17 773 Kozienice
55%
18 940 Sokołów Podlaski
54%
11 894 Warka
54%
17 962 Sierpc
52%
11 845 Góra Kalwaria
51%
20 605 Józefów
51%
12 285 Ożarów Mazowiecki
51%
12 793 Węgrów
51%
7056 Białobrzegi
50%
18 842 Gostynin
50%
19 481 Sulejówek
50%
12 392 Błonie
49%
22 619 Piastów
49%
9938 Maków Mazowiecki
48%
12 244 Radzymin
48%
4348 Serock
47%
8941 Żuromin
47%
11 907 Szydłowiec
46%
17 528 Zielonka
46%
13 533 Brwinów
45%
7940 Zwoleń
45%
22 777 Kobyłka
43%
6008 Przysucha
43%
18 846 Pionki
42%
5593 Lipsko
41%
7096 Łosice
40%
8056 Tłuszcz
40%
4918 Iłża
39%
4079 Tarczyn
39%
7662 Nasielsk
38%
16 419 Milanówek
37%
6409 Mszczonów
37%
3064 Glinojeck
35%
3707 Halinów
35%
6842 Łochów
35%
2687 Wyszogród
34%
3830 Nowe Miasto nad Pilicą
33%
2938 Drobin
31%
3874 Podkowa Leśna
31%
9998 Karczew
30%
4346 Skaryszew
29%
1955 Brok
28%
2916 Kałuszyn
28%
1791 Mordy
28%
3547 Mrozy
28%
3257 Zakroczym
28%
4127 Gąbin
27%
3397 Myszyniec
27%
2736 Różan
27%
4532 Pilawa
26%
1089 Czerwińsk nad Wisłą
25%
4520 Raciąż
24%
4046 Żelechów
24%
3042 Chorzele
23%
4893 Łaskarzew
23%
886 Wyśmierzyce
23%
1910 Bieżuń
21%
2154 Kosów Lacki
21%
2316 Mogielnica
21%
2084 Sanniki
21%
1798 Lubowidz
13%
Nie znaleziono quizów pasujących do podanych kryteriów
Rozkład punktacji
Procent ludzi z każdym wynikiem
Percentyl według liczby udzielonych odpowiedzi
Twoja historia wyników
Nie rozwiązałeś tego quizu